Fundamentals of cognitive psychology /

Gespeichert in:
Bibliographische Detailangaben
1. Verfasser: Hunt, R. Reed.
Format: Buch
Sprache:English
Veröffentlicht: Boston : McGraw-Hill, 1999.
Ausgabe:6th ed.
Schlagworte:
Tags: Tag hinzufügen
Keine Tags, Fügen Sie den ersten Tag hinzu!
Thư viện lưu trữ: Mạng thư viện Đại học Đà Nẵng
LEADER 00843cam a2200349 i 4500
001 000045227
003 4397
005 20030310105324.0
008 010220|1999 vm 000 eng
020 |a 0697201740 
040 |a IRC  |c IRC  |d IRC 
041 0 |a eng 
082 1 4 |a 153  |b HU-R 
100 1 |a Hunt, R. Reed. 
245 0 0 |a Fundamentals of cognitive psychology /  |c R. Reed Hunt. 
250 |a 6th ed. 
260 |a Boston :  |b McGraw-Hill,  |c 1999. 
300 |a xix, 376p. :  |b ill. 
630 0 4 |a Psychology. 
650 0 4 |a Cognition. 
650 0 4 |a Cognitive psychology. 
650 0 4 |a Memory. 
OWN |a DUT 
999 |a From the UDN01 
TYP |a Monograph 
TYP |a Printed language 
980 |a Mạng thư viện Đại học Đà Nẵng